LEADER 01359nam a2200289 a 4500 001 000000016284 003 CaOOAMICUS 005 20130726114120.0 008 940513s1931 it ac u000 u ita r 035 $a10381939 040 $aPUL(R)$bita 100 1 $aBrandileone, Francesco,$d1858-1929.$0(OLS)http://pul/name/7278 245 10$aScritti di storia del diritto privato italiano /$cFrancesco Brandileone ; editi dai discepoli a cura di Giuseppe Ermini. 260 $aBologna :$bN. Zanichelli,$c1931. 300 $a2 v. :$bfront.(port.) ;$c26 cm 504 $aBibliografia in nota. 650 0$aCivil law$zItaly.$2//eng$0(OLS)http://pul/subject/11539 650 0$aLaw$zItaly$xHistory.$2//eng$0(OLS)http://pul/subject/11540 700 1 $aErmini, Giuseppe,$d1900-1981.$0(OLS)http://pul/name/2787 850 $aPUL 852 $aPUL$W1$xDP2 Diritto e Scienze Sociali 1$y65$m181 E 18$j155662$nBK-PRI$av. 1$qStampati$B22941$CPULBib$Z2$F22941 $82 852 $aPUL$W1$xDP2 Diritto e Scienze Sociali 1$y65$m181 E 19$j155663$nBK-PRI$av. 2$qStampati$B22942$CPULBib$Z2$F22942 $82 941 1 $a8 961 $aEx libris: Evaristi Carusi. 961 $aEx libris: Evaristi Carusi. 996 $6245$aScritti di storia del diritto privato italiano$9(OLS)http://pul/title/23250 996 $6260$aBologna :$bN. Zanichelli$9(OLS)http://pul/publisher/47939 LEADER 01426nam a2200325 u 4500 001 000000091856 003 CaOOAMICUS 005 20070226124857.0 008 060329s1988 gw u000 u ger u 020 $a3787307524 035 $a11083586 040 $aPUL(R)$bita 041 1 $ager$alat 100 0 $aNicolaus de Autricuria,$dca. 1300-ca. 1350.$0(OLS)http://pul/name/18475 240 10$aEpistulae$9(Nicolaus de Autricuria, ca. 1300-ca. 1350).$lLatino e tedesco.$0(OLS)http://pul/title/118557 245 10$aBriefe /$cNicolaus von Autrecourt ; neu herausgegeben von Ruedi Imbach und Dominik Perler ; übersetzt und eingeleitet von Dominik Perler. 260 $aHamburg :$bMeiner,$cc1988. 300 $alxxiii, 105 p. ;$c19 cm 490 1 $aPhilosophische Bibliothek ;$v413 500 $aSul front.: Lateinisch-Deutsch. 546 $aTesto latino a fronte. 700 1 $aImbach, Ruedi,$d1946-$0(OLS)http://pul/name/584 700 1 $aPerler, Dominik.$0(OLS)http://pul/name/59210 830 0$aPhilosophische Bibliothek ;$v413.$0(OLS)http://pul/title/13177 850 $aPUL 852 $aPUL$W1$xDP1 Fondo Seidl$y56$m3 C 4$j115623$nBK-PRI$b $qFondi$B115623$CPULBib$Z2$F115623 $H $81 941 1 $a1 996 $6020$a3787307524$9(OLS)http://pul/number/120461 996 $6245$aBriefe$9(OLS)http://pul/title/107720 996 $6260$aHamburg :$bMeiner$9(OLS)http://pul/publisher/48261